| 000 | 00791nam a22002777a 4500 | ||
|---|---|---|---|
| 001 | BR9606420 | ||
| 003 | BR-BrBNA | ||
| 005 | 20230928095307.0 | ||
| 007 | ta | ||
| 008 | 230509b bl.||||| |||| 00| 0 por d | ||
| 040 |
_aBR-BrBNA _bpor _cBiblioteca Nacional de Agricultura |
||
| 041 | _a(Por) | ||
| 072 |
_aL10; A50 _b5300 |
||
| 090 | _ 5300 BR9606420 | ||
| 110 | 1 |
_aAssociacao Municipal de Suinocultores de Cascavel, PR (Brasil) _9646 |
|
| 245 | 1 | _aPlano Diretor. Centro de Melhoramento Genetico de Suinos | |
| 260 | 3 |
_aCascavel, PR (Brasil): _c1996. |
|
| 300 | _a111 p. | ||
| 500 | _a45 tables | ||
| 650 | _aSuino | ||
| 650 | _aGenetica Animal | ||
| 650 | _aInstituicao de Pesquisa | ||
| 650 | _aPlanejamento Agricola | ||
| 909 |
_a202309 _bLucia _c55 _dLucia Elande |
||
| 942 | _cBK | ||
| 999 |
_c55698 _d55698 |
||